| 000 | 00371nam a2200145Ia 4500 | ||
|---|---|---|---|
| 008 | 220216s9999 xx 000 0 und d | ||
| 100 | _aVijayakumar K.R. | ||
| 245 | 0 | _aWeekly tapping towards reduction in cost of production | |
| 260 |
_bRubber _c2001 |
||
| 300 | _a4-Mar | ||
| 700 | _aKarunaichamy K. | ||
| 700 | _aRajagopal R. | ||
| 700 | _aThomas K.U. | ||
| 942 | _cML | ||
| 999 |
_c72726 _d72726 |
||